| 000 | 00462nam a22001697a 4500 | ||
|---|---|---|---|
| 003 | OSt | ||
| 008 | 210914b ||||| |||| 00| 0 eng d | ||
| 020 | _a9789389130447 | ||
| 082 |
_a630.2 _bSUR/EN |
||
| 245 | _aEngineering Properties of Agricultural Produce | ||
| 260 |
_aNew Delhi _bNew India Publishing Agency _c2020 |
||
| 300 | _a223 Pages | ||
| 700 |
_aSuresh Chandra _95025 |
||
| 700 |
_aSamsher _95026 |
||
| 700 |
_aSuneel kumar Goyal _95027 |
||
| 942 | _cBK | ||
| 999 |
_c17422 _d17422 |
||